Memorable war stories / (Record no. 129651)

MARC details
000 -LEADER
fixed length control field 00640nam a22002417a 4500
003 - CONTROL NUMBER IDENTIFIER
control field 0
005 - DATE AND TIME OF LATEST TRANSACTION
control field 20180710124842.0
008 - FIXED-LENGTH DATA ELEMENTS--GENERAL INFORMATION
fixed length control field 0
010 ## - LIBRARY OF CONGRESS CONTROL NUMBER
LC control number B-166017
020 ## - INTERNATIONAL STANDARD BOOK NUMBER
Terms of availability 250.00
International Standard Book Number 8188322660
035 ## - SYSTEM CONTROL NUMBER
System control number B-166017, B-166020
037 ## - SOURCE OF ACQUISITION
Source of stock number/acquisition Cen Lib/Ret
040 ## - CATALOGING SOURCE
Original cataloging agency DPL
Language of cataloging EN
Transcribing agency 0
082 ## - DEWEY DECIMAL CLASSIFICATION NUMBER
Classification number S
Item number RAN
100 ## - MAIN ENTRY--PERSONAL NAME
Personal name Rabir Singh
9 (RLIN) 27024
245 ## - TITLE STATEMENT
Title Memorable war stories /
Statement of responsibility, etc by Ranbir Singh
260 ## - PUBLICATION, DISTRIBUTION, ETC. (IMPRINT)
Place of publication, distribution, etc New Delhi
Name of publisher, distributor, etc Ocean Books
Date of publication, distribution, etc 2005
270 ## - ADDRESS
Address 4/19 Asaf Ali Road
City New Delhi
Postal code 110092
300 ## - PHYSICAL DESCRIPTION
Extent 178p. :
Dimensions 21cm(Hb)
Other physical details ill.
650 ## - SUBJECT ADDED ENTRY--TOPICAL TERM
Topical term or geographic name as entry element Short stories--fiction
9 (RLIN) 27025
650 ## - SUBJECT ADDED ENTRY--TOPICAL TERM
Topical term or geographic name as entry element Fiction--History
9 (RLIN) 27026
942 ## - ADDED ENTRY ELEMENTS (KOHA)
Source of classification or shelving scheme Dewey Decimal Classification
Koha item type English Books
Classification part S
Call number suffix RAN
Holdings
Withdrawn status Lost status Damaged status Not for loan Home library Current library Date acquired Source of acquisition Cost, normal purchase price Total Checkouts Full call number Barcode Date last seen Date checked out Copy number Cost, replacement price Price effective from Koha item type Source of classification or shelving scheme Collection code
        Central Library Central Library 07/07/2015 Cen Lib/Ret 250.00 3 S RAN B-166017 15/09/2020 01/09/2020 1 250.00 07/07/2015 English Books    
        Patel Nagar Patel Nagar 10/07/2018 BPPD/Pub 250.00 1 S RAN B-166020 06/09/2018 24/08/2018   250.00 10/07/2018 English Books Dewey Decimal Classification Fiction

© Delhi Public Library
Hit Counter
free hit counter